Diesel engine manual: intended for erectors, installation and plant engineer, and all interested in the practical aspect of diesel engine operation (Record no. 2361)

000 -LEADER
fixed length control field 00512nam a22001577a 4500
008 - FIXED-LENGTH DATA ELEMENTS--GENERAL INFORMATION
fixed length control field 200226b ||||| |||| 00| 0 eng d
082 00 - DEWEY DECIMAL CLASSIFICATION NUMBER
Classification number 621.436
Item number M727
100 ## - MAIN ENTRY--PERSONAL NAME
9 (RLIN) 219
Personal name Molloy, E.
245 10 - TITLE STATEMENT
Title Diesel engine manual: intended for erectors, installation and plant engineer, and all interested in the practical aspect of diesel engine operation
250 ## - EDITION STATEMENT
Edition statement 2nd ed.
260 ## - PUBLICATION, DISTRIBUTION, ETC. (IMPRINT)
Place of publication, distribution, etc London
Name of publisher, distributor, etc George Newnes Ltd
Date of publication, distribution, etc 1953
300 ## - PHYSICAL DESCRIPTION
Extent 224 p.
365 ## - TRADE PRICE
Unit of pricing 13.02
650 #0 - SUBJECT ADDED ENTRY--TOPICAL TERM
Topical term or geographic name as entry element Diesel Motors
942 ## - ADDED ENTRY ELEMENTS (KOHA)
Item type Books
Holdings
Withdrawn status Lost status Source of classification or shelving scheme Damaged status Not for loan Permanent location Current location Date acquired Source of acquisition Full call number Barcode Date last seen Koha item type
          IMU Kolkata IMU Kolkata 1954-03-10 A. H. Wheeler 621.436 M727 01934 2020-02-26 Books
          IMU Kolkata IMU Kolkata 1954-03-10 A. H. Wheeler 621.436 M727 01935 2020-02-26 Books
Designed and Maintained by IMU-KC Library, Kolkata Campus © Copyright All Rights Reserved

webs counters

Powered by Koha